Catalog

Record Details

Catalog Search


Search Results Showing Item 1 of 1

Available copies

  • 1 of 1 copy available at Headquarters.

Current holds

0 current holds with 1 total copy.

Location Call Number / Copy Notes Barcode Shelving Location Status Due Date
Frafraha Library 201 332.6323/COY 000001707755 Adult Fiction Available -

Record details

  • ISBN: 9780852974452
  • Physical Description: PAPERBACK
  • Publisher: LONDON FINANCIAL WORLD PUBLISHING 2001
Subject: HEDGING INTEREST-RATE EXPOSURES
LDR 00620cam a2200205Ka 4500
00181582
003HQ
00520210616091110.0
008070101s xxk er 0 eng d
020 . ‡a9780852974452
037 . ‡aGOG
082 . ‡a332.6323/COY
100 . ‡aBRIAN COYLE
245 . ‡aHEDGING INTEREST-RATE EXPOSURES
260 . ‡aLONDON ‡bFINANCIAL WORLD PUBLISHING ‡c2001
300 . ‡aPAPERBACK
650 . ‡aHEDGING INTEREST-RATE EXPOSURES
901 . ‡a81582 ‡bAUTOGEN ‡c81582 ‡tbiblio
Search Results Showing Item 1 of 1

Additional Resources